[Event "Deutsche Ländermeisterschaft 2017"]
[Site "Hannover GER"]
[Date "2017.10.03"]
[Round "5"]
[White "Doll, Rebecca"]
[Black "Duan, Muxi"]
[Result "0-1"]
[Termination "normal"]
[Board "8.7"]
[WhiteElo "1589"]
[BlackElo "1387"]
[WhiteTeam "Baden 2"]
[BlackTeam "Bremen"]
[PlyCount "40"]
[WhiteFideId "16236890"]
[BlackFideId "12971960"]
[EventCountry "GER"]
[EventRounds "7"]
[EventType "team-swiss"]
[EventDate "2017.09.29"]

1. e4 e5 2. Nf3 Nc6 3. Bc4 Nf6 4. d3 Bc5 5. c3 d6 6. Bb3 Bg4 7. h3 Bh5 8. Nbd2
O-O 9. O-O d5 10. exd5 Nxd5 11. Ne4 Bb6 12. Ng3 Bg6 13. Re1 Nf4 14. d4 Nd3 15.
Bg5 Qd7 16. dxe5 Bxf2+ 17. Kh1 Bxg3 18. Re2 Ndxe5 19. Qf1 Bd3 20. Rd1 Qf5 0-1

[Event "Deutsche Ländermeisterschaft 2017"]
[Site "Hannover GER"]
[Date "2017.10.03"]
[Round "5"]
[White "Niermann, Tristan"]
[Black "Recktenwald, Cedric"]
[Result "1-0"]
[Termination "normal"]
[Board "9.1"]
[WhiteElo "2277"]
[BlackElo "1745"]
[WhiteTeam "Nordrhein-Westfalen"]
[BlackTeam "Saarland"]
[PlyCount "39"]
[WhiteFideId "12990698"]
[BlackFideId "12971928"]
[EventCountry "GER"]
[EventRounds "7"]
[EventType "team-swiss"]
[EventDate "2017.09.29"]

1. d4 Nf6 2. c4 e6 3. g3 d5 4. Nf3 Be7 5. Bg2 O-O 6. O-O dxc4 7. Qc2 a6 8. a4
Bd7 9. Qxc4 Bc6 10. Bf4 Nbd7 11. Nc3 Nb6 12. Qd3 Nfd5 13. Bc1 Nxc3 14. bxc3
Bxa4 15. c4 c5 16. Bd2 Qd6 17. dxc5 Qxc5 18. Be3 Rfd8 19. Bxc5 Rxd3 20. Bxb6
1-0

[Event "Deutsche Ländermeisterschaft 2017"]
[Site "Hannover GER"]
[Date "2017.10.03"]
[Round "5"]
[White "Jenner, Meikel"]
[Black "Wagner, Leopold Franziskus"]
[Result "0-1"]
[Termination "normal"]
[Board "9.2"]
[WhiteElo "1528"]
[BlackElo "2058"]
[WhiteTeam "Saarland"]
[BlackTeam "Nordrhein-Westfalen"]
[PlyCount "76"]
[WhiteFideId "16245342"]
[BlackFideId "1641581"]
[EventCountry "GER"]
[EventRounds "7"]
[EventType "team-swiss"]
[EventDate "2017.09.29"]

1. e4 c5 2. d4 cxd4 3. c3 dxc3 4. Nxc3 Nc6 5. Nf3 d6 6. Bc4 e6 7. O-O Nf6 8.
Qe2 a6 9. Rd1 Qc7 10. Bg5 h6 11. Bh4 Be7 12. Rac1 Qb8 13. Bg3 Ne5 14. Nxe5 dxe5
15. Rd2 O-O 16. Rcd1 b5 17. Bb3 Bb7 18. f3 Bc6 19. a3 Nh5 20. Qe1 Nxg3 21. Qxg3
Qc7 22. Rc2 Rfd8 23. Rdc1 Bg5 24. Re1 Rd7 25. h4 Bf6 26. Qf2 Qb7 27. g4 Rad8
28. Qg3 g5 29. hxg5 hxg5 30. Rh2 Rd2 31. Ree2 Rxe2 32. Nxe2 b4 33. Nc1 bxa3 34.
bxa3 Qb6+ 35. Qf2 Qd4 36. Kf1 Qc3 37. Qc2 Qxf3+ 38. Rf2 Bb5+ 0-1

[Event "Deutsche Ländermeisterschaft 2017"]
[Site "Hannover GER"]
[Date "2017.10.03"]
[Round "5"]
[White "Delere, Adrian"]
[Black "Zimmer, Luca"]
[Result "1-0"]
[Termination "normal"]
[Board "9.3"]
[WhiteElo "1872"]
[BlackElo "1628"]
[WhiteTeam "Nordrhein-Westfalen"]
[BlackTeam "Saarland"]
[PlyCount "71"]
[WhiteFideId "12990400"]
[BlackFideId "12921424"]
[EventCountry "GER"]
[EventRounds "7"]
[EventType "team-swiss"]
[EventDate "2017.09.29"]

1. e4 e6 2. d4 d5 3. Nc3 Bb4 4. e5 c5 5. a3 Bxc3+ 6. bxc3 Ne7 7. Qg4 O-O 8. Bd3
Nbc6 9. Nf3 Ng6 10. Bxg6 fxg6 11. h4 Qa5 12. Bd2 Qa4 13. Kd1 Rf5 14. h5 Nxe5
15. Nxe5 Rxe5 16. hxg6 hxg6 17. Qxg6 Rf5 18. Qh7+ Kf7 19. Bh6 Qd7 20. Qxg7+ Ke8
21. Qg8+ Ke7 22. Bg5+ Kd6 23. Rh7 Qa4 24. Qd8+ Bd7 25. dxc5+ Kxc5 26. Be3+ Kd6
27. Qxa8 Rxf2 28. Qb8+ Kc6 29. Bxf2 Qg4+ 30. Kc1 Qg5+ 31. Kb2 d4 32. c4 Qd2 33.
Be1 Qxg2 34. Qd8 d3 35. Qxd7+ Kb6 36. Qb5# 1-0

[Event "Deutsche Ländermeisterschaft 2017"]
[Site "Hannover GER"]
[Date "2017.10.03"]
[Round "5"]
[White "Jeschke, Jan"]
[Black "Arakelian, Aik"]
[Result "0-1"]
[Termination "normal"]
[Board "9.4"]
[WhiteElo "1261"]
[BlackElo "1762"]
[WhiteTeam "Saarland"]
[BlackTeam "Nordrhein-Westfalen"]
[PlyCount "54"]
[WhiteFideId "16225430"]
[BlackFideId "16220340"]
[EventCountry "GER"]
[EventRounds "7"]
[EventType "team-swiss"]
[EventDate "2017.09.29"]

1. e4 c5 2. Nc3 Nc6 3. f4 e6 4. Nf3 d5 5. e5 d4 6. Ne4 Be7 7. Be2 Nh6 8. d3 O-O
9. Bd2 b6 10. Kf1 f6 11. exf6 Bxf6 12. Rg1 e5 13. fxe5 Bxe5 14. Bxh6 gxh6 15.
g3 Bh3+ 16. Ke1 Bg7 17. g4 Ne5 18. Kd2 Kh8 19. Qe1 Rxf3 20. g5 Re3 21. Qh4 Ng6
22. Qf2 Qf8 23. Nf6 hxg5 24. Rxg5 Qxf6 25. Qg1 Rxe2+ 26. Kxe2 Re8+ 27. Kd2 Bh6
0-1

[Event "Deutsche Ländermeisterschaft 2017"]
[Site "Hannover GER"]
[Date "2017.10.03"]
[Round "5"]
[White "Müdder, Melanie"]
[Black "Müller, Maximilian"]
[Result "1-0"]
[Termination "normal"]
[Board "9.5"]
[WhiteElo "1798"]
[BlackElo "1389"]
[WhiteTeam "Nordrhein-Westfalen"]
[BlackTeam "Saarland"]
[PlyCount "51"]
[WhiteFideId "12994103"]
[BlackFideId "16243552"]
[EventCountry "GER"]
[EventRounds "7"]
[EventType "team-swiss"]
[EventDate "2017.09.29"]

1. e4 Nf6 2. Nc3 d6 3. d4 g6 4. Bd3 e5 5. dxe5 dxe5 6. Nge2 Bg7 7. O-O O-O 8.
Bg5 Be6 9. f4 exf4 10. e5 f3 11. Rxf3 Bg4 12. Bxf6 Bxf6 13. Rxf6 Qe7 14. Rf4
Bd7 15. Bc4 c6 16. Qd4 c5 17. Qd2 Nc6 18. Nd5 Qd8 19. Nf6+ Kg7 20. Qxd7 Nxe5
21. Qd5 Qxd5 22. Bxd5 g5 23. Rff1 Rab8 24. Ne4 Rfd8 25. c4 b6 26. Nxg5 1-0

[Event "Deutsche Ländermeisterschaft 2017"]
[Site "Hannover GER"]
[Date "2017.10.03"]
[Round "5"]
[White "Fuchs, Emily"]
[Black "Rudolph, Eva"]
[Result "0-1"]
[Termination "normal"]
[Board "9.6"]
[WhiteElo "1275"]
[BlackElo "1763"]
[WhiteTeam "Saarland"]
[BlackTeam "Nordrhein-Westfalen"]
[PlyCount "54"]
[WhiteFideId "16208986"]
[BlackFideId "16200594"]
[EventCountry "GER"]
[EventRounds "7"]
[EventType "team-swiss"]
[EventDate "2017.09.29"]

1. e4 e5 2. Nf3 Nf6 3. Nc3 Nc6 4. Bb5 Bb4 5. O-O O-O 6. d3 d6 7. Be3 Bg4 8. a3
Ba5 9. Qe2 Nd4 10. Bxd4 exd4 11. Nb1 c6 12. Ba4 d5 13. c3 dxe4 14. dxe4 Re8 15.
Bc2 Nxe4 16. Bxe4 f5 17. Qc4+ Kh8 18. Bc2 Bxf3 19. gxf3 Qg5+ 20. Kh1 Qf4 21.
Qxd4 Qxf3+ 22. Kg1 Re6 23. Qh4 Rg6+ 24. Qg3 Rxg3+ 25. fxg3 Bb6+ 26. Rf2 Qxf2+
27. Kh1 Qg1# 0-1

[Event "Deutsche Ländermeisterschaft 2017"]
[Site "Hannover GER"]
[Date "2017.10.03"]
[Round "5"]
[White "Möller, Lisa-Marie"]
[Black "Huppert, Anna"]
[Result "1-0"]
[Termination "normal"]
[Board "9.7"]
[WhiteElo "1838"]
[BlackElo "1419"]
[WhiteTeam "Nordrhein-Westfalen"]
[BlackTeam "Saarland"]
[PlyCount "87"]
[WhiteFideId "12959367"]
[BlackFideId "16214439"]
[EventCountry "GER"]
[EventRounds "7"]
[EventType "team-swiss"]
[EventDate "2017.09.29"]

1. e4 e6 2. d4 d5 3. e5 c5 4. c3 Nc6 5. g3 Bd7 6. Bh3 f6 7. exf6 Nxf6 8. Nf3
cxd4 9. cxd4 Qc7 10. O-O Bd6 11. Re1 O-O 12. Nc3 a6 13. Bxe6+ Bxe6 14. Rxe6 Qd7
15. Re1 Rae8 16. Rxe8 Qxe8 17. Kg2 Qf7 18. Be3 Ng4 19. h3 Nxe3+ 20. fxe3 Qg6
21. Qe1 Nb4 22. Nh4 Qc2+ 23. Qe2 Qxe2+ 24. Nxe2 Nc2 25. Rc1 Nxe3+ 26. Kg1 g5
27. Ng2 Nxg2 28. Kxg2 h5 29. Nc3 Rc8 30. Rf1 Rf8 31. Rxf8+ Kxf8 32. Nxd5 Kf7
33. Kf3 Ke6 34. Ne3 Be7 35. Ke4 b5 36. g4 h4 37. d5+ Kd6 38. Nf5+ Kd7 39. Nxe7
Kxe7 40. Kf5 Kd6 41. Kxg5 Kxd5 42. Kxh4 Kc4 43. g5 a5 44. g6 1-0

[Event "Deutsche Ländermeisterschaft 2017"]
[Site "Hannover GER"]
[Date "2017.10.03"]
[Round "5"]
[White "Alhassan, Jodi"]
[Black "Bashylina, Luisa"]
[Result "0-1"]
[Termination "normal"]
[Board "9.8"]
[WhiteElo "966"]
[BlackElo "1619"]
[WhiteTeam "Saarland"]
[BlackTeam "Nordrhein-Westfalen"]
[PlyCount "98"]
[WhiteFideId "16250460"]
[BlackFideId "12983292"]
[EventCountry "GER"]
[EventRounds "7"]
[EventType "team-swiss"]
[EventDate "2017.09.29"]

1. e4 c5 2. Nf3 e6 3. d4 cxd4 4. Nxd4 a6 5. Nc3 Qc7 6. Bd3 Nf6 7. O-O Be7 8.
Bg5 O-O 9. Re1 d6 10. Qf3 Nbd7 11. Rad1 Ne5 12. Qe3 b5 13. f4 Nxd3 14. Qxd3 Bb7
15. Bxf6 Bxf6 16. Re3 Qc5 17. a3 Rac8 18. Kh1 Rfd8 19. Re2 h6 20. h3 Qc4 21.
Qd2 e5 22. Nf5 exf4 23. Qxf4 Bg5 24. Qf3 Qc7 25. Nd5 Bxd5 26. exd5 Re8 27. Rf2
g6 28. Nd4 Be3 29. Re2 Bxd4 30. Rxd4 Rxe2 31. Qxe2 Qxc2 32. Qxc2 Rxc2 33. b4
Rc3 34. Kg1 Rxa3 35. Kf2 Kg7 36. Kg1 Ra4 37. Rg4 h5 38. Rf4 a5 39. Kf1 Rxb4 40.
Rxb4 axb4 41. Ke1 Kf6 42. Kd2 Ke5 43. Kc2 Kxd5 44. Kb3 Ke4 45. Kxb4 d5 46. Kc3
Ke3 47. Kc2 d4 48. Kd1 d3 49. g3 b4 0-1